|
|
|
|
| LEADER |
00000ny a22000003n 4500 |
| 005 |
20110512114944.0 |
| 008 |
950713c19uu9999sp mr 0 b spa |
| 035 |
|
|
|a 33
|
| 040 |
|
|
|a BUS
|d vLex
|
| 090 |
|
|
|c 1764
|d 1764
|
| 245 |
3 |
0 |
|a Seleccion de jurisprudencia de otras jurisdicciones
|h [Recurso electrn̤ico]
|
| 256 |
|
|
|a Servicio en ln̕ea
|
| 260 |
|
|
|a Barcelona :
|b vLEX
|
| 650 |
0 |
4 |
|a Derecho
|z Estados Unidos
|x Legislacin̤
|x Publicaciones perid̤icas
|
| 650 |
0 |
4 |
|a Derecho
|z Europa
|x Legislacin̤
|x Publicaciones perid̤icas
|
| 650 |
0 |
4 |
|a Jurisprudencia
|z Estados Unidos
|x Publicaciones perid̤icas
|
| 650 |
0 |
4 |
|a Jurisprudencia
|z Europa
|x Publicaciones perid̤icas
|
| 740 |
0 |
|
|a vLex Revista (Servicios en ln̕ea)
|
| 843 |
|
|
|a Electrn̤ica. Cerrada
|
| 853 |
|
|
|8 1
|i (year)
|j (month)
|k (day)
|
| 856 |
4 |
0 |
|z Acceso restringido
|u http://vlex.com/account/login_ip?fuente_id=33
|
| 942 |
|
|
|c REV
|